[Event "WYb18"]
[Site "Belfort FRA"]
[Date "2005.07.25"]
[Round "7"]
[White "Moranda,W"]
[Black "Hungaski,R"]
[Result "1-0"]
[WhiteElo "2453"]
[BlackElo "2308"]

1.e4 e5 2.Nf3 Nc6 3.Bb5 a6 4.Ba4 Nf6 5.O-O Be7 6.Re1 b5 7.Bb3 d6 8.c3 O-O
9.h3 Bb7 10.d4 Re8 11.Ng5 Rf8 12.Nf3 Re8 13.Nbd2 Bf8 14.d5 Ne7 15.Nf1 Ng6
16.N3h2 c6 17.dxc6 Bxc6 18.Bg5 h6 19.Bxf6 Qxf6 20.Ng3 Nf4 21.Nh5 Qg5 22.Nxf4 exf4
23.Nf3 Qc5 24.Qd3 a5 25.a3 Rad8 26.Rad1 Be7 27.Qd2 g5 28.Nd4 Bd7 29.Qe2 Kg7
30.Qh5 Rf8 31.Nf3 Bc6 32.h4 gxh4 33.Bd5 Bf6 34.Qg4+ Kh8 35.Qxf4 Bg7 36.Nxh4 Rde8
37.Bxc6 Qxc6 38.Rxd6  1-0

[Event "15th ETC"]
[Site "Gothenburg SWE"]
[Date "2005.07.30"]
[Round "1"]
[White "Kulaots,K"]
[Black "Bacrot,E"]
[Result "0-1"]
[WhiteElo "2570"]
[BlackElo "2729"]

1.e4 e5 2.Nf3 Nc6 3.Bb5 a6 4.Ba4 Nf6 5.O-O Be7 6.Re1 b5 7.Bb3 d6 8.c3 O-O
9.h3 Bb7 10.d4 Re8 11.Nbd2 Bf8 12.d5 Nb8 13.Nf1 Nbd7 14.N3h2 Nc5 15.Bc2 c6
16.b4 Ncd7 17.dxc6 Bxc6 18.Bg5 h6 19.Bxf6 Nxf6 20.Ng4 Nxg4 21.Qxg4 Bd7 22.Qf3 Rc8
23.Bb3 Be6 24.Bxe6 fxe6 25.a4 Qd7 26.axb5 axb5 27.Qd3 Qc6 28.Ra3 d5 29.exd5 exd5
30.Ne3 d4 31.cxd4 exd4 32.Qxd4 Re4 33.Qa1 Bxb4 34.Ra6 Qe8 35.Rc1 Rxc1+ 36.Qxc1 Bf8
37.Rc6 Ra4 38.g3 Qa8 39.Qc2 Ra1+ 40.Kh2 Qa2 41.Kg2 Qxc2 42.Rxc2 Ra7 43.Kf3 b4
44.Ke4 Kf7 45.Kd3 Ke6 46.Rc6+ Kd7 47.Rc2 Ra1 48.Kc4 g5 49.h4 gxh4 50.gxh4 Rh1
51.Rd2+ Kc6 52.Nf5 Rh3 53.Rd3 Rxd3 54.Kxd3 Kb5 55.h5 Ka4 56.Kc2 Ka3 57.Kb1 Kb3
58.Ne3 Kc3 59.Ng4 Bg7 60.Ne3 Kd3 61.Nf5 Bf8 62.Ng3 Kd4 63.Kc2 Ke5 64.Kb3 Kf4
65.Kc4 Bd6 66.Kd5 Be7 67.Kc4 Kg4 68.Kb3 Bf8 69.Kc4 Kf4 70.Kb3 Bc5 71.Kc4 Be7
72.Kb3 Ke5 73.Kc4 Bd6 74.Kb3 Bc5 75.Kc4 Bd6 76.Kb3 Kf4 77.Kc4 Kg4 78.Ne4 Be7
79.Ng3 Bh4 80.f3+ Kxg3 81.Kxb4 Kxf3 82.Kc4 Ke3 83.Kc3 Bf6+ 84.Kc2 Ke2 85.Kc1 Bg5+
86.Kc2 Bd2 87.Kb3 Kd3 88.Kb2 Be3 89.Kb1 Kc3 90.Ka1 Bd4 91.Kb1 Kd2 92.Ka2 Kc2
93.Ka3 Bg7 94.Ka2 Kc1 95.Kb3 Kb1 96.Ka3 Bh8 97.Kb3 Bb2 98.Kc4 Kc2 99.Kb4 Bc1
100.Kc4 Be3 101.Kb4 Bd4 102.Ka3 Bc5+ 103.Ka2 Bb4 104.Ka1 Kd3 105.Kb2 Ke3
106.Kc2 Ba5 107.Kd1 Kf3 108.Kc2 Be1 109.Kd1 Bh4 110.Kd2 Bf2 111.Kd1 Kg2 112.Ke2 Kg1
113.Kd1 Kf1 114.Kd2 Bh4 115.Kd1 Bg5 116.Kc2 Ke2 117.Kc3 Kd1 118.Kb2 Bf6+
119.Kb1 Bd4 120.Ka2 Ke2 121.Kb1 Kf3 122.Kc2 Kg4 123.Kd3 Kxh5  0-1

[Event "American Continental"]
[Site "Buenos Aires ARG"]
[Date "2005.08.06"]
[Round "1"]
[White "Spraggett,K"]
[Black "Mazziotti Irigoyen,G"]
[Result "1-0"]
[WhiteElo "2592"]
[BlackElo "2293"]

1.e4 e5 2.Nf3 Nc6 3.Bb5 Nf6 4.Ba4 a6 5.O-O Be7 6.Re1 b5 7.Bb3 d6 8.c3 O-O
9.h3 Bb7 10.d4 Re8 11.Nbd2 Bf8 12.Bc2 g6 13.d5 Nb8 14.c4 c6 15.b3 cxd5 16.cxd5 Nbd7
17.Nf1 Bg7 18.Bg5 Qc7 19.Rc1 Rac8 20.a4 bxa4 21.bxa4 Nc5 22.N3d2 h6 23.Be3 Qe7
24.Bb1 Nfd7 25.Nc4 Rf8 26.Nfd2 f5 27.f3 f4 28.Bf2 Bf6 29.Nb3 Nxa4 30.Nba5 Nac5
31.Nc6 Rxc6 32.dxc6 Bxc6 33.Nxd6 Bh4 34.Bxh4 Qxh4 35.Re2 Kg7 36.Rd2 Rb8 37.Ba2 Ba4
38.Qe2 Qe7 39.Kh2 Bb3 40.Nc4 Bxa2 41.Rxa2 Nb3 42.Rd1 Nd4 43.Qf2 Rb4 44.Rxd4 exd4
45.Qxd4+ Kh7 46.Rxa6 Qf7 47.Ra7 Rxc4 48.Qd6 Ne5 49.Re7  1-0

[Event "It"]
[Site "Charleroi BEL"]
[Date "2005.08.06"]
[Round "9"]
[White "Le Quang,K"]
[Black "Wantiez,F"]
[Result "1-0"]
[WhiteElo "2330"]
[BlackElo "2265"]

1.e4 e5 2.Nf3 Nc6 3.Bb5 a6 4.Ba4 Nf6 5.O-O Be7 6.Re1 b5 7.Bb3 d6 8.c3 O-O
9.h3 Bb7 10.d4 Re8 11.Nbd2 Bf8 12.d5 Nb8 13.Nf1 Nbd7 14.Ng3 g6 15.Nh2 Nc5
16.Bc2 c6 17.b4 Ncd7 18.dxc6 Bxc6 19.Bb3 Nb6 20.Bg5 h6 21.Bxf6 Qxf6 22.Ng4 Qg7
23.Qf3 Rec8 24.Rad1 a5 25.bxa5 Nc4 26.Nf6+ Kh8 27.Nd5 Rxa5 28.Nf1 Bxd5 29.Rxd5 Nb6
30.Rd3 Ra7 31.Ne3 Rac7 32.Nd5 Nxd5 33.Bxd5 f6 34.Rb1 Rc5 35.Rb3 Qe7 36.h4 Kg7
37.h5 g5 38.Qf5 Qe8 39.g4 Be7 40.Ra3 Qf8 41.Be6 Rb8 42.Ra7 Rc6 43.Qg6+ Kh8
44.Bf5 Qg7 45.Qxg7+ Kxg7 46.Rxe7+ Kf8 47.Rh7 Kg8 48.Rxh6 Ra8 49.Rxf6 Ra3
50.Be6+ Kg7 51.Rg6+ Kh7 52.Rf3 Raxc3 53.Rf7+ Kh8 54.Rh6+  1-0

[Event "15th ETC"]
[Site "Gothenburg SWE"]
[Date "2005.08.06"]
[Round "8"]
[White "Sammalvuo,T"]
[Black "Ong,Kez"]
[Result "1/2-1/2"]
[WhiteElo "2441"]
[BlackElo "2371"]

1.e4 e5 2.Nf3 Nc6 3.Bb5 a6 4.Ba4 Nf6 5.O-O Be7 6.Re1 b5 7.Bb3 d6 8.c3 O-O
9.h3 Bb7 10.d4 Re8 11.Ng5 Rf8 12.Nf3 Re8 13.Nbd2 Bf8 14.d5 Nb8 15.Nf1 Nbd7
16.N3h2 Nc5 17.Bc2 c6 18.b4 Ncd7 19.dxc6 Bxc6 20.Bg5 h6 21.Bxf6 Nxf6 22.Ng4 Nxg4
23.Qxg4 Bd7 24.Qd1 Qc7 25.Re3 Be6 26.Bb3 a5 27.Bd5 Bxd5 28.Qxd5 Qc4 29.Qxc4 bxc4
30.b5 a4 31.Nd2 Rec8 32.Rb1 a3 33.Ree1 Rab8 34.Kf1 Be7 35.Ke2 Rc5 36.b6 Bd8
37.b7 Ba5 38.Rec1 Kf8 39.Nf1 Ke7 40.Ne3 g6 41.Rd1 Kd7 42.Rd5 Rxd5 43.Nxd5 Kc6
44.Kd2 f5 45.f3 f4 46.h4 Rxb7 47.Rxb7 Kxb7 48.h5 gxh5 49.Nf6 Kc6 50.Nxh5 Bd8
51.Ng7 Kd7 52.Nf5 Bg5 53.Ke2 Ke6 54.Ng7+ Kd7 55.Nf5 h5 56.Ng7 h4 57.Nf5 Kc6
58.Ng7 Kd7 59.Kf2 Bf6 60.Nf5 Ke6 61.Nh6 Bg5 62.Ng4 d5 63.exd5+ Kxd5 64.Ke2 e4
65.Nf2 exf3+ 66.gxf3 Bf6 67.Kd2 Bg7 68.Nh3 Ke5 69.Kc2 Kf5 70.Kd2 Bf8 71.Kc2 Bc5
72.Kd2 Be3+ 73.Kd1 Ba7 74.Kc2 Bb6 75.Kd1 Ba5 76.Kd2 Bd8 77.Kd1 Bf6 78.Kd2 Be7
79.Kd1 Bc5 80.Kd2 Be3+ 81.Kd1 Ke5 82.Kc2 Kf5 83.Kd1 Bc5  1/2-1/2

[Event "American Continental"]
[Site "Buenos Aires ARG"]
[Date "2005.08.08"]
[Round "3"]
[White "Vescovi,G"]
[Black "Ivanov,AV USA"]
[Result "1/2-1/2"]
[WhiteElo "2640"]
[BlackElo "2566"]

1.e4 e5 2.Nf3 Nc6 3.Bb5 a6 4.Ba4 Nf6 5.O-O Be7 6.Re1 b5 7.Bb3 d6 8.c3 O-O
9.h3 Bb7 10.d4 Re8 11.Nbd2 Bf8 12.a4 exd4 13.cxd4 Qd7 14.Bc2 Nb4 15.Bb1 g6
16.b3 c5 17.Bb2 cxd4 18.axb5 axb5 19.Rxa8 Bxa8 20.Bxd4 Bg7 21.Nf1 Nc6 22.Bb2 Ne5
23.Ng3 Nxf3+ 24.Qxf3 Qe6 25.Re2 Nd7 26.Bxg7 Kxg7 27.Qd3 Qe5 28.Rd2 Nf6 29.Qxd6 Qxd6
30.Rxd6 Nxe4 31.Bxe4 Bxe4 32.Nxe4  1/2-1/2

[Event "Warmia & Mazury"]
[Site "Ostroda POL"]
[Date "2005.08.09"]
[Round "6"]
[White "Jakubowski,K"]
[Black "Matras,A"]
[Result "1-0"]
[WhiteElo "2483"]
[BlackElo "2238"]

1.e4 e5 2.Nf3 Nc6 3.Bb5 a6 4.Ba4 Nf6 5.O-O Be7 6.Re1 b5 7.Bb3 d6 8.c3 O-O
9.h3 Bb7 10.d3 Na5 11.Bc2 c5 12.Nbd2 Re8 13.Nf1 Bf8 14.Ng3 d5 15.exd5 Qxd5
16.Bg5 Qc6 17.Qe2 Nd5 18.Qf1 Nf4 19.Re4 Qg6 20.Bxf4 Bxe4 21.Nxe5 Qf6 22.Nh5 Qh4
23.dxe4 Qxh5 24.Nd7 Re6 25.Rd1 Qh4 26.Nxf8 Rxf8 27.Bd6 Rc8 28.g3 Qf6 29.e5 Qf3
30.Re1 Rh6 31.Be4 Qh5 32.b3 c4 33.b4 Nc6 34.f4 Nd8 35.f5 Qxh3 36.Qxh3 Rxh3
37.e6 fxe6 38.fxe6 Rh5 39.e7 Ne6 40.Bb7 Re8 41.Rxe6 Kf7 42.Re3 Rf5 43.Bc6  1-0

[Event "American Continental"]
[Site "Buenos Aires ARG"]
[Date "2005.08.10"]
[Round "5"]
[White "Tristan,L"]
[Black "Echeguren,G"]
[Result "1-0"]
[WhiteElo "2225"]
[BlackElo "2094"]

1.e4 e5 2.Nf3 Nc6 3.Bb5 a6 4.Ba4 Nf6 5.O-O Be7 6.Re1 b5 7.Bb3 O-O 8.c3 d6
9.h3 Bb7 10.d4 Re8 11.Nbd2 h6 12.Bc2 Bf8 13.a4 exd4 14.cxd4 Nb4 15.Bb1 c5
16.d5 c4 17.Nf1 Nd7 18.Nd4 Nc5 19.axb5 Nbd3 20.Bxd3 Nxd3 21.Re3 Qf6 22.Nf5 Kh7
23.Rf3 Ne5 24.Rg3 axb5 25.Rxa8 Rxa8 26.Bd2 Bc8 27.f4 Ng6 28.Bc3 Qd8 29.Qd4 f6
30.Qe3 Qc7 31.Kh2 Qa7 32.Qf3 Bxf5 33.exf5 Ne7 34.Ne3 Qa1 35.Qh5 Qb1 36.Qf7 Ra1
37.Rf3 Nxf5 38.Nxf5 Qxf5 39.Qxf8 Qxd5 40.Rg3 Ra7 41.Re3 Rf7 42.Qc8 b4 43.Re8 f5
44.Bxb4 Qd4 45.Rh8+ Kg6 46.Qe6+ Rf6 47.Qe8+ Rf7 48.Rf8 Qxf4+ 49.Kg1 Qc1+
50.Be1  1-0

[Event "American Continental"]
[Site "Buenos Aires ARG"]
[Date "2005.08.10"]
[Round "5"]
[White "Milos,G"]
[Black "Ivanov,AV USA"]
[Result "1/2-1/2"]
[WhiteElo "2606"]
[BlackElo "2566"]

1.e4 e5 2.Nf3 Nc6 3.Bb5 a6 4.Ba4 Nf6 5.O-O Be7 6.Re1 b5 7.Bb3 d6 8.c3 O-O
9.h3 Bb7 10.d4 Re8 11.Nbd2 Bf8 12.d5 Nb8 13.Nf1 Nbd7 14.N3h2 Nc5 15.Bc2 c6
16.b4 Ncd7 17.dxc6 Bxc6 18.Bg5 Qc7 19.Ng3 h6 20.Bxf6 Nxf6 21.Ng4 Nxg4 22.hxg4 Bd7
23.Re3 Be6 24.Nf5 a5 25.a3 Rec8 26.Bd3 Qxc3 27.Bxb5 Qc2 28.bxa5 Qxd1+ 29.Rxd1 Rxa5
30.a4 g6 31.Nxd6 Bxg4 32.f3 Bxd6 33.Rxd6 Be6 34.Ra3 Kf8 35.Ra6 Rxa6 36.Bxa6 Ra8
37.Bb5 Ke7 38.Rd3 Rc8 39.Ra3 Kd6 40.Ra1  1/2-1/2

[Event "Independence Cup A"]
[Site "Kiev UKR"]
[Date "2005.08.19"]
[Round "8"]
[White "Leshchenko,V"]
[Black "Julin,A"]
[Result "1-0"]
[WhiteElo "2159"]
[BlackElo "2247"]

1.e4 e5 2.Nf3 Nc6 3.Bb5 a6 4.Ba4 Nf6 5.O-O Be7 6.Re1 b5 7.Bb3 O-O 8.c3 d6
9.h3 Bb7 10.d4 Re8 11.Nbd2 Bf8 12.Nf1 exd4 13.cxd4 Na5 14.Ng5 Nxb3 15.Qxb3 Bd5
16.Qc2 g6 17.Bd2 Bb7 18.e5 Nd5 19.Ng3 h6 20.Nf3 Bg7 21.h4 Ne7 22.e6 Bxf3
23.exf7+ Kxf7 24.gxf3 Qd7 25.h5 gxh5 26.Nxh5 Qh3 27.Nf4 Qd7 28.Re6 Rg8 29.Rae1 Bxd4+
30.Kf1 Be5 31.Bc3 Qc6 32.R1xe5 Qc4+ 33.Re2  1-0

[Event "ch-AUT"]
[Site "Gmunden AUT"]
[Date "2005.08.21"]
[Round "11"]
[White "Sommerbauer,N"]
[Black "Volkmann,F"]
[Result "1/2-1/2"]
[WhiteElo "2427"]
[BlackElo "2429"]

1.e4 e5 2.Nf3 Nc6 3.Bb5 a6 4.Ba4 Nf6 5.O-O Be7 6.Re1 b5 7.Bb3 O-O 8.c3 d6
9.h3 Bb7 10.d4 Re8 11.Ng5 Rf8 12.Nf3 Re8 13.Ng5 Rf8 14.Nf3 Re8 15.a4 h6 16.Nbd2 Bf8
17.d5 Nb8 18.Qe2 c6 19.dxc6 Bxc6 20.axb5 Bxb5  1/2-1/2

[Event "Operation Capablanca"]
[Site "Vienna AUT"]
[Date "2005.08.28"]
[Round "5"]
[White "Van der Weide,K"]
[Black "Siebrecht,S"]
[Result "1/2-1/2"]
[WhiteElo "2482"]
[BlackElo "2487"]

1.e4 e5 2.Nf3 Nc6 3.Bb5 a6 4.Ba4 Nf6 5.O-O Be7 6.Re1 b5 7.Bb3 d6 8.c3 O-O
9.h3 Re8 10.Ng5 Rf8 11.Nf3 Re8 12.Ng5 Rf8 13.Nf3 Bb7 14.d4 Re8 15.Ng5 Rf8
16.Nf3 Re8 17.Ng5 Rf8 18.Nf3 Re8 19.Ng5 Rf8 20.Nf3  1/2-1/2

[Event "USCL"]
[Site "ICC INT"]
[Date "2005.09.28"]
[Round "5"]
[White "Zilberstein,Dm"]
[Black "Friedel,J"]
[Result "1/2-1/2"]
[WhiteElo "2379"]
[BlackElo "2424"]

1.e4 e5 2.Nf3 Nc6 3.Bb5 a6 4.Ba4 Nf6 5.O-O Be7 6.Re1 b5 7.Bb3 d6 8.c3 O-O
9.h3 Bb7 10.d4 Re8 11.Nbd2 Bf8 12.d5 Nb8 13.Nf1 Nbd7 14.Ng3 Nc5 15.Bc2 c6
16.b4 Ncd7 17.dxc6 Bxc6 18.Nf5 d5 19.Bb3 Nxe4 20.Rxe4 dxe4 21.Ng5 Nf6 22.Qxd8 Raxd8
23.Nxf7 Rd5 24.N7d6 Rd8 25.Bg5 Bxd6 26.Ne3 Kf8 27.Bxd5 Bxd5 28.Nxd5 Kf7 29.a4 Rc8
30.Bxf6 gxf6 31.axb5 axb5 32.Ra5 Ke6 33.Rxb5 f5 34.Ra5 h5 35.Kf1 h4 36.Ke2 f4
37.Kf1 Rc4 38.Ke2 Rc8 39.Kf1 Rc4 40.Ke2 Rc8  1/2-1/2

[Event "5th ch-Asian"]
[Site "Hyderabad IND"]
[Date "2005.10.10"]
[Round "5"]
[White "Das,Ar"]
[Black "Babu,NS"]
[Result "1/2-1/2"]
[WhiteElo "2411"]
[BlackElo "2298"]

1.e4 e5 2.Nf3 Nc6 3.Bb5 a6 4.Ba4 Nf6 5.O-O Be7 6.Re1 b5 7.Bb3 d6 8.c3 O-O
9.h3 Bb7 10.d4 Re8 11.Nbd2 Bf8 12.a4 h6 13.Bc2 exd4 14.cxd4 Nb4 15.Bb1 c5
16.d5 Nd7 17.Ra3 c4 18.axb5 axb5 19.Nd4 Ne5 20.Rxa8 Qxa8 21.Nxb5 Rc8 22.Re3 Ba6
23.Nc3 Ned3 24.Na2 Nxa2 25.Bxa2 Be7 26.Nxc4 Nxc1 27.Nb6 Nxa2 28.Nxa8 Rc1
29.Qxc1 Nxc1 30.Ra3 Bd3 31.Nb6 Bf6  1/2-1/2

[Event "Goodbye Summer Open"]
[Site "Omis CRO"]
[Date "2005.10.12"]
[Round "4"]
[White "Klaric,A"]
[Black "Milosavljevic,J"]
[Result "1-0"]
[WhiteElo "1877"]
[BlackElo "2082"]

1.e4 e5 2.Nf3 Nc6 3.Bb5 a6 4.Ba4 Nf6 5.O-O b5 6.Bb3 Be7 7.Re1 d6 8.h3 O-O
9.c3 Bb7 10.d4 Nd7 11.Bc2 Bf6 12.Be3 Re8 13.Nbd2 Nf8 14.Nf1 Ng6 15.Qd2 Qd7
16.Ng3 Rad8 17.Nh2 Na5 18.b3 Nc6 19.Ng4 Be7 20.Nf5 Bf8 21.d5 Nce7 22.Nfh6+ Kh8
23.Nxf7+ Kg8 24.Nxd8 Qxd8 25.Bg5 Bc8 26.Bd1 h6 27.Be3 Kh7 28.Rc1 Ng8 29.c4 Re7
30.cxb5 axb5 31.a4 bxa4 32.bxa4 Rf7 33.a5 Nf4 34.Bxf4 exf4 35.e5 h5 36.e6 Re7
37.Bc2+ g6 38.Nh2 Bh6 39.h4 Ba6 40.Nf3 Nf6 41.Ng5+ Kg7  1-0

[Event "TCh-NED 2005-6"]
[Site "Netherlands NED"]
[Date "2005.10.15"]
[Round "2"]
[White "Bitalzadeh,A"]
[Black "L'Ami,E"]
[Result "0-1"]
[WhiteElo "2267"]
[BlackElo "2541"]

1.e4 e5 2.Nf3 Nc6 3.Bb5 a6 4.Ba4 Nf6 5.O-O Be7 6.Re1 b5 7.Bb3 d6 8.c3 O-O
9.h3 Bb7 10.d4 Re8 11.Ng5 Rf8 12.Nf3 Nd7 13.Nbd2 Bf6 14.Nf1 Re8 15.Bc2 g6
16.d5 Ne7 17.b3 Nc8 18.a4 c6 19.c4 bxc4 20.bxc4 a5 21.Rb1 Qc7 22.Ne3 Ncb6
23.Ba3 Be7 24.Qe2 Ba6 25.dxc6 Qxc6 26.Rec1 Nc5 27.Nd5 Bd8 28.Qe3 Nxc4 29.Qh6 Nxa3
30.h4 Nxb1 31.Ng5 Bxg5 32.hxg5 Qxd5 33.exd5 Nc3 34.Kh2 Ne2 35.Rb1 Nd4 36.Bd1 Ne4
37.Qh4 Nc3 38.Rc1 Nxd5 39.Qe4 Nb4 40.Rc7 Rac8 41.Ra7 Ndc6 42.Rd7 Rcd8 43.Bg4 Bc8
44.Rxd8 Rxd8 45.Be2 d5 46.Qb1 d4  0-1

[Event "55th ch-GRE"]
[Site "Kalamata GRE"]
[Date "2005.11.23"]
[Round "8"]
[White "Kotronias,V"]
[Black "Mastrovasilis,A"]
[Result "0-1"]
[WhiteElo "2626"]
[BlackElo "2496"]

1.e4 e5 2.Nf3 Nc6 3.Bb5 a6 4.Ba4 Nf6 5.O-O Be7 6.Re1 b5 7.Bb3 d6 8.c3 O-O
9.h3 Bb7 10.d4 Re8 11.Nbd2 Bf8 12.a4 h6 13.Bc2 exd4 14.cxd4 Nb4 15.Bb1 c5
16.d5 Nd7 17.Ra3 c4 18.axb5 axb5 19.Nd4 Ne5 20.Rxa8 Qxa8 21.Nxb5 Qa1 22.Re3 Ned3
23.Nc3 Ba6 24.Nf1 Nxc1 25.Qxc1 Nd3 26.Qd2 Rb8 27.Bxd3 cxd3 28.Nd1 Be7 29.Re1 Bd8
30.Qf4 Qa5 31.Re3 Qb4 32.Rf3 Rb7 33.h4 Bf6 34.Qg4 Be5 35.Qc8+ Kh7 36.Qa8 Qb6
37.Qe8 Qb5 38.Qxb5 Bxb5 39.Nd2 Ra7 40.Re3 Bf4 41.Kf1 Ra1 42.Ke1 Bxe3 43.fxe3 Bd7
44.Nb3 Rxd1+ 45.Kxd1 Ba4 46.Kd2 Bxb3 47.Kxd3 Kg6 48.Kc3 Ba2 49.b4 Kf6 50.Kd4 Ke7
51.e5 dxe5+ 52.Kxe5 f6+ 53.Kd4 Kd6 54.e4 Bb3 55.b5 h5 56.b6 Bc2 57.g3 Bd1
58.Ke3 Bg4 59.Kf4 Bd7 60.Ke3 Bc8 61.Kd4 Bb7 62.Kc4 Ba6+ 63.Kd4 Bb7 64.Kc4 f5
65.exf5 Bxd5+ 66.Kd4 Bb7  0-1

[Event "TCh-CZE Extraliga 2005-6"]
[Site "Czech Rep CZE"]
[Date "2005.12.04"]
[Round "6"]
[White "Rasik,V"]
[Black "Dolezal,R1"]
[Result "1/2-1/2"]
[WhiteElo "2466"]
[BlackElo "2387"]

1.e4 e5 2.Nf3 Nc6 3.Bb5 a6 4.Ba4 Nf6 5.O-O Be7 6.Re1 b5 7.Bb3 O-O 8.h3 d6
9.c3 Bb7 10.d4 Re8 11.Nbd2 Bf8 12.a3 h6 13.Bc2 Nb8 14.b3 Nbd7 15.Bb2 c5 16.d5 Bc8
17.a4 Rb8 18.Bd3 Qb6 19.Bf1 Re7 20.Qc2 Ne8 21.Ra2 Ndf6 22.Rea1 Reb7 23.axb5 axb5
24.Bc1 Bd7 25.Nb1 Qd8 26.Be3 Nc7 27.Nbd2 Nfe8 28.g3 Qc8 29.Kh2 Be7 30.Ne1 Ra8
31.Rxa8 Nxa8 32.f4 f6 33.Nef3 g5 34.h4 g4 35.Ne1 h5 36.Ng2 Nac7 37.Be2 Ng7
38.Nf1 Rb8 39.Ra5 Ra8 40.Qa2 Rxa5 41.Qxa5 Bd8 42.Qa1 Qa6 43.Qxa6 Nxa6 44.Kg1 Ba5
45.Bd2 Bb6 46.Be3 Ba5 47.Bd2 Bb6 48.Be3 Ba5  1/2-1/2

[Event "Masters"]
[Site "Berkeley USA"]
[Date "2005.12.17"]
[Round "2"]
[White "Friedel,J"]
[Black "Stein,Alan"]
[Result "1-0"]
[WhiteElo "2453"]
[BlackElo "2422"]

1.e4 e5 2.Nf3 Nc6 3.Bb5 a6 4.Ba4 Nf6 5.O-O Be7 6.Re1 b5 7.Bb3 d6 8.c3 O-O
9.h3 Bb7 10.d4 Re8 11.Nbd2 Bf8 12.d5 Nb8 13.Nf1 Nbd7 14.N3h2 c6 15.dxc6 Bxc6
16.Bg5 Qc7 17.Qf3 Qb7 18.Ng3 d5 19.Ng4 dxe4 20.Qf5 Nd5 21.Nxe4 Re6 22.Rad1 Rae8
23.Rd3 Rg6 24.Rf3 N5f6 25.Bxf6 Nxf6 26.Nexf6+ gxf6 27.Rg3 Bg7 28.Nxf6+ Bxf6
29.Qxf6 Bd5 30.Rxe5 Rxe5 31.Qxe5 Bxg2 32.Bc2 Bf3 33.Bxg6 hxg6 34.Qf6 Be4
35.Re3 Qd5 36.Kh2 Qc6 37.Qd8+  1-0

[Event "Masters"]
[Site "Berkeley USA"]
[Date "2005.12.23"]
[Round "9"]
[White "Zavadsky,P"]
[Black "Stein,Alan"]
[Result "1-0"]
[WhiteElo "2268"]
[BlackElo "2422"]

1.e4 e5 2.Nf3 Nc6 3.Bb5 a6 4.Ba4 Nf6 5.O-O Be7 6.Re1 b5 7.Bb3 d6 8.c3 O-O
9.h3 Bb7 10.d4 Re8 11.Nbd2 Bf8 12.a4 h6 13.Bc2 Qd7 14.d5 Ne7 15.Nf1 c6 16.dxc6 Bxc6
17.Ng3 Ng6 18.Nh2 d5 19.Ng4 Nxg4 20.hxg4 d4 21.cxd4 exd4 22.g5 hxg5 23.Bxg5 Ne5
24.Nf5 d3 25.Bb3 Bxe4 26.Nxg7 Bxg7 27.Rxe4 Qf5 28.Bd5 Qxg5 29.f4 Qg6 30.fxe5 Rad8
31.Qxd3 Bxe5 32.Rf1 Rxd5 33.Qxd5 Bh2+ 34.Kxh2 Rxe4 35.Rf3 Rxa4 36.Rh3 Kg7
37.Qe5+ f6 38.Qc7+ Kg8 39.Rg3  1-0

[Event "Open A"]
[Site "Bethune FRA"]
[Date "2005.12.27"]
[Round "2"]
[White "Solodovnichenko,Y"]
[Black "Feller,S"]
[Result "1-0"]
[WhiteElo "2494"]
[BlackElo "2303"]

1.e4 e5 2.Nf3 Nc6 3.Bb5 a6 4.Ba4 Nf6 5.O-O Be7 6.Re1 b5 7.Bb3 d6 8.c3 O-O
9.h3 Bb7 10.d4 Re8 11.Ng5 Rf8 12.Nf3 Re8 13.Nbd2 Bf8 14.Bc2 g6 15.b3 Bg7
16.d5 Nb8 17.a4 c6 18.c4 bxc4 19.bxc4 a5 20.Rb1 Re7 21.Nb3 Ba6 22.Bd3 Rea7
23.Bd2 cxd5 24.Bxa5 Qf8 25.cxd5 Bxd3 26.Qxd3 Rxa5 27.Nxa5 Rxa5 28.Qa3 Nbd7
29.Nd2 Nc5 30.Rb4 Qa8 31.Ra1 Ra6 32.Qb2 Nfd7 33.Qc2 Bf8 34.Nc4 Qd8 35.g3 Nf6
36.Ne3 Qa8 37.Nd1 Kg7 38.Nc3 Qc8 39.Qe2 Qxh3 40.Qf1 Qd7 41.a5 Be7 42.Rb6 Ra8
43.a6 Bd8 44.Rb4 Ra7 45.Qc4 Qh3 46.Rb2 Ng4 47.Nd1 Qh2+ 48.Kf1 Qh1+ 49.Ke2 Bg5
50.Rba2 Nxe4 51.Qd3 Nc5 52.Qf3 Qh3 53.Nc3 Nb3 54.Rh1 Nd4+ 55.Kd3 Nxf3 56.Rxh3 Nd4
57.Rh1 Rxa6 58.Rxa6 Nxf2+ 59.Kc4 Nxh1 60.Ne4 h6 61.Ra1 f5 62.Ra7+ Kf8 63.Ra8+ Ke7
64.Ra7+ Kd8 65.Nxd6 Nxg3 66.Nf7+ Kc8 67.Nxe5 Be3 68.d6 Kb8 69.Re7 Ne4 70.Re8+ Ka7
71.d7 Nd6+ 72.Kd3 Nb7 73.Kxe3 Nc2+ 74.Kd3  1-0

[Event "Keres Mem A"]
[Site "Tallin EST"]
[Date "2006.01.08"]
[Round "1"]
[White "Rytshagov,M"]
[Black "Sulskis,S"]
[Result "1-0"]
[WhiteElo "2474"]
[BlackElo "2504"]

1.e4 e5 2.Nf3 Nc6 3.Bb5 a6 4.Ba4 Nf6 5.O-O Be7 6.Re1 b5 7.Bb3 d6 8.c3 O-O
9.h3 Bb7 10.d4 Re8 11.Ng5 Rf8 12.Nf3 Re8 13.Nbd2 Bf8 14.a4 h6 15.Bc2 exd4
16.cxd4 Nb4 17.Bb1 c5 18.d5 Nd7 19.Ra3 c4 20.axb5 axb5 21.Nd4 Ne5 22.Rxa8 Qxa8
23.Nxb5 Nbd3 24.Rf1 Rc8 25.f4 Qa5 26.Na3 c3 27.fxe5 Nxc1 28.bxc3 Qxc3 29.Nac4 dxe5
30.Qxc1 Qd4+ 31.Kh1 Bb4 32.Nf3 Qxc4 33.Qxc4 Rxc4 34.Nxe5 Rc7 35.Bd3 Ba3 36.Bb5 Rc5
37.Rb1 Rc1+ 38.Rxc1 Bxc1 39.Bc6 Bf4 40.Nd3 Bxc6 41.dxc6 Bd6 42.e5 Bc7 43.Nb4 Bxe5
44.Nd5 g5 45.c7 Bxc7 46.Nxc7 f5 47.Kg1 Kf7 48.Kf2 Kf6 49.Ke3 Ke5 50.Nb5 h5
51.g3 h4 52.gxh4 g4 53.hxg4 fxg4 54.Nd4  1-0

[Event "Keres Mem A"]
[Site "Tallin EST"]
[Date "2006.01.10"]
[Round "4"]
[White "Kulaots,K"]
[Black "Sulskis,S"]
[Result "1-0"]
[WhiteElo "2558"]
[BlackElo "2504"]

1.e4 e5 2.Nf3 Nc6 3.Bb5 a6 4.Ba4 Nf6 5.O-O Be7 6.Re1 b5 7.Bb3 d6 8.c3 O-O
9.h3 Bb7 10.d4 Re8 11.Nbd2 Bf8 12.a4 h6 13.Bc2 exd4 14.cxd4 Nb4 15.Bb1 c5
16.d5 Nd7 17.Ra3 f5 18.Nh2 Nf6 19.Rf3 Re5 20.Rxf5 Rxf5 21.exf5 Bxd5 22.Ng4 c4
23.Nf3 bxa4 24.Bd2 Nd3 25.Bxd3 cxd3 26.Bc3 Nxg4 27.hxg4 Bc4 28.Qxa4 Qc7 29.g5 Rc8
30.gxh6 gxh6 31.Nd2 Qf7 32.b3 Bd5 33.Qd4 Qxf5 34.Re3 Ba8 35.Rg3+ Kf7 36.Qa7+ Ke8
37.Re3+ Kd8 38.Nc4 Be4 39.f3 Rxc4 40.bxc4 Bc6 41.Qb6+  1-0

[Event "Corus B"]
[Site "Wijk aan Zee NED"]
[Date "2006.01.28"]
[Round "12"]
[White "Vescovi,G"]
[Black "L'Ami,E"]
[Result "0-1"]
[WhiteElo "2633"]
[BlackElo "2550"]

1.e4 e5 2.Nf3 Nc6 3.Bb5 a6 4.Ba4 Nf6 5.O-O Be7 6.Re1 b5 7.Bb3 d6 8.c3 O-O
9.h3 Bb7 10.d4 Re8 11.Ng5 Rf8 12.Nf3 Re8 13.Nbd2 Bf8 14.a4 h6 15.Bc2 exd4
16.cxd4 Nb4 17.Bb1 c5 18.d5 Nd7 19.Ra3 c4 20.axb5 axb5 21.Nd4 Qb6 22.Nf5 Ne5
23.Rg3 g6 24.Nf1 Nbd3 25.Be3 Qd8 26.f4 Nxb2 27.Qd2 Ned3 28.Bd4 Qa5 29.Bc3 Qb6+
30.Kh2 Na4 31.Bxd3 cxd3 32.N1e3 Nxc3 33.Qxc3 h5 34.Qxd3 Ra4 35.Qd1 Kh7 36.Rg5 Raxe4
37.Rxh5+ Kg8 38.Ng4 Bg7 39.Nxg7 Rxe1 40.Nxe8 Qg1+ 41.Kg3 gxh5 42.Nef6+ Kf8
43.Qc2 hxg4 44.Qc7 Re3+ 45.Kh4 Qe1+ 46.Kh5 Kg7 47.Qxd6 gxh3 48.Ng4 Qd1 49.f5 Qxg4+
50.Kxg4 hxg2 51.f6+ Kg6 52.Qh2 Re5  0-1

[Event "ch-CUB sf"]
[Site "Santa Clara CUB"]
[Date "2006.02.06"]
[Round "2"]
[White "Gonzalez,Y"]
[Black "De la Paz,F"]
[Result "1/2-1/2"]
[WhiteElo "2511"]
[BlackElo "2445"]

1.e4 e5 2.Nf3 Nc6 3.Bb5 a6 4.Ba4 Nf6 5.O-O Be7 6.Re1 b5 7.Bb3 d6 8.c3 O-O
9.h3 Bb7 10.d4 Re8 11.Nbd2 Bf8 12.a4 h6 13.Bc2 Qd7 14.b3 g6 15.d5 Ne7 16.c4 c6
17.Bb2 Nh5 18.c5 Bg7 19.dxc6 Nxc6 20.axb5 axb5 21.Rxa8 Rxa8 22.Nf1 Rd8 23.cxd6 Qe6
24.Re2 Rxd6 25.Rd2 Rxd2 26.Qxd2 Nf4 27.Ne1 Qe7 28.Nd3 Ne6 29.f3 Ncd4 30.Bd1 f5
31.Qe3 Qd6 32.Nd2 Kh7 33.b4 Bf6 34.exf5 Nxf5 35.Qe2 Ned4 36.Bxd4 Qxd4+ 37.Kh2 Bg5
38.Ne4 Be3 39.Ndc5 Bxe4 40.Nxe4 Bf4+ 41.g3 Bxg3+ 42.Nxg3 Qf4 43.Qf2 Nxg3
44.Qa7+ Kh8 45.Qb8+ Kg7 46.Qc7+ Kf6 47.Qd8+ Kf5 48.Kg2 e4 49.Qf8+ Ke5 50.Qc5+ Kf6
51.Qf8+ Ke5 52.Qg7+ Kf5 53.Qf7+ Ke5 54.Qc7+ Kf5 55.Qf7+ Ke5 56.Qg7+ Kf5 57.Qf8+ Ke5
58.Qb8+ Kf5 59.Qxb5+ Kf6 60.Qb6+ Kg7 61.Qd4+ Kh7 62.Qd7+ Kh8 63.Qd8+ Kg7
64.Qe7+ Kh8 65.Qe8+ Kg7 66.Qd7+ Kh8 67.Qe8+ Kg7 68.Qd7+  1/2-1/2

[Event "Masters"]
[Site "Bruges BEL"]
[Date "2006.03.01"]
[Round "7"]
[White "Zozulia,A"]
[Black "Michiels,R"]
[Result "1-0"]
[WhiteElo "2366"]
[BlackElo "2263"]

1.e4 e5 2.Nf3 Nc6 3.Bb5 a6 4.Ba4 Nf6 5.O-O b5 6.Bb3 Be7 7.Re1 d6 8.c3 O-O
9.h3 Bb7 10.d4 Nb8 11.dxe5 dxe5 12.Qxd8 Bxd8 13.Nxe5 Nxe4 14.Be3 Bf6 15.Bf4 Nc5
16.Bc2 Ne6 17.Bg3 Rd8 18.Bb3 Bd5 19.Nd2 Nc6 20.Bxd5 Rxd5 21.Nxc6 Rxd2 22.Rab1 Kf8
23.Red1 Rxd1+ 24.Rxd1 Ke8 25.Kf1 a5 26.Rd5 Ra6 27.Nb8 Rb6 28.Nd7 Rb7 29.Nxf6+ gxf6
30.Ke2 c5 31.Rh5 c4 32.Rxh7 Nc5 33.Rh8+ Kd7 34.h4 Ke6 35.h5 Kf5 36.Rd8 Re7+
37.Kf3 Rd7 38.Rxd7 Nxd7 39.Bc7 Kg5 40.g4 f5 41.gxf5 Kxh5 42.Ke4 a4 43.Bd6 Kh6
44.Be7 f6 45.Bd6 Kg5 46.Bf4+ Kg4 47.f3+ Kh3 48.Kd5 Kg2 49.Kc6 b4 50.Kxd7 a3
51.bxa3 b3 52.axb3 cxb3 53.Bc1  1-0

[Event "1st ONGC Cup"]
[Site "Hyderabad IND"]
[Date "2006.03.02"]
[Round "7"]
[White "Neelotpal,D"]
[Black "Babu,NS"]
[Result "1/2-1/2"]
[WhiteElo "2512"]
[BlackElo "2295"]

1.e4 e5 2.Nf3 Nc6 3.Bb5 a6 4.Ba4 Nf6 5.O-O Be7 6.Re1 b5 7.Bb3 d6 8.c3 O-O
9.h3 Bb7 10.d4 Re8 11.Ng5 Rf8 12.Nf3 Re8 13.Nbd2 Bf8 14.a4 h6 15.Bc2 exd4
16.cxd4 Nb4 17.Bb1 c5 18.d5 Nd7 19.Ra3 c4 20.Nd4 Qf6 21.N2f3 Nc5 22.axb5 axb5
23.Nxb5 Rxa3 24.Nxa3 Ba6 25.Re3 Rb8 26.Rc3 Nbd3 27.Bxd3 cxd3 28.Nd2 Qd4 29.Qf3 Rb4
30.Nab1 Nxe4 31.Ra3 Nxd2 32.Nxd2 Ra4 33.Qe3 Qb4 34.Rxa4 Qxa4 35.Ne4 Be7 36.Nc3 Qa1
37.Kh2 Bf6 38.Qe8+ Kh7 39.Qe4+ Kg8 40.Qe8+ Kh7 41.Qe4+  1/2-1/2